Slovenská republika a integrujúca sa Európa

Proces transformácie centrálne plánovaných ekonomík na trhové ekonomiky. Šokové terapie použité v scenári slovenskej ekonomickej reformy. Trendy sociálno-ekonomického života. Aktívna podpora všetkých vrstiev spoločnosti predstavuje úspešný priebeh transformujúcej sa spoločnosti.

Guardado en:
Detalles Bibliográficos
Autor principal: Korček, Ľudovít
Formato: Capítulo de libro
Lenguaje:eslovaco
Materias:
Etiquetas: Agregar Etiqueta
Sin Etiquetas, Sea el primero en etiquetar este registro!

MARC

LEADER 00000naa a2200000 4500
001 r033074
005 20230918075355.9
041 0 |a slo 
044 |a SK 
245 1 0 |a Slovenská republika a integrujúca sa Európa  |c Ľudovít Korček 
520 |a Proces transformácie centrálne plánovaných ekonomík na trhové ekonomiky. Šokové terapie použité v scenári slovenskej ekonomickej reformy. Trendy sociálno-ekonomického života. Aktívna podpora všetkých vrstiev spoločnosti predstavuje úspešný priebeh transformujúcej sa spoločnosti. 
610 2 0 |a integrácia 
610 2 0 |a transformácia 
610 2 0 |a SVE 
610 2 0 |a Slovensko 
610 2 0 |a rozvoj sociálno-ekonomický 
610 2 0 |a reformy hospodárske 
100 1 |a Korček, Ľudovít